| 000 | 00710nam a2200229Ia 4500 | ||
|---|---|---|---|
| 003 | GCL | ||
| 008 | 140319s9999 xx 000 0 ara d | ||
| 040 |
_aGCL / _cGCL |
||
| 082 | 0 | 4 |
_a923.9 _bش ك |
| 100 | 1 | _aشاكر خصباك | |
| 245 | 1 | 0 |
_aكتابات مضيئة فى التراث الجغرافى العربى / _cشاكر خصباك |
| 260 |
_a[S.N] : _bجامعة بغداد ، _c1979 |
||
| 300 | _a303 ص | ||
| 490 | _a | ||
| 650 | 0 | 4 | _aالعالم العربى |
| 650 | 0 | 4 | _aالتراجم |
| 650 | 0 | 4 | _aالجغرافيا |
| 650 | 0 | 4 | _aالرحالة العرب |
| 650 | 0 | 4 | _aالعرب والكشوف الجغرافية |
| 650 | 0 | 4 | _aالجغرافيون العرب |
| 942 |
_2ddc _cBK |
||
| 999 |
_c36107 _d36107 |
||